000 00314nam a2200121Ia 4500
008 230524s9999 xx 000 0 und d
100 _a"Robert D Hisrich, Michael P Peters, Dean A Shepherd"
245 0 _aEntrepreneurship
260 _bMGH
500 _aQuantity Number: 10
650 _aManagement
942 _cBK
999 _c49522
_d49522